Pays Vainqueurs du Motocross Des Nations - Statistiques

Statistiques générales
  • Ce quiz a été pris 239 fois
  • Le résultat moyen est 8 sur 11
Statistiques - réponses
# Dernier titre Equipe % Correct
7 2023 France
100%
23 2022 États-Unis
97%
3 2021 Italie
87%
1 2012 Allemagne
83%
1 2024 Australie
82%
15 2013 Belgique
80%
16 1994 Royaume-Uni
78%
1 2019 Pays-Bas
73%
2 1978 Union soviétique
42%
7 1974 Suède
32%
1 1975 Tchécoslovaquie
13%
Aucun quiz correspondant
Distribution des résultats
% des personnes avec chaque résultat
Percentile par nombre de réponses
Votre historique - résultats
Vous n’avez pas pris ce quiz